Представление документа в формате RUSMARC

ПолеНазваниеЗначение
  Тип записи a
  Библиографический уровень m
001 Контрольный номер admiBOOK00020053
005 Дата корректировки 20140508173757.4
010 Индекс ISBN __
a ISBN 978-5-98344-278-8
d Цена подарочная
100 Данные общей обработки __
a Данные общей обработки 19020129 |||y0 y0189 ca
101 Язык документа __
a Язык текста rus
105 Кодированные данные (монография) __
a Кодированные данные (монография) zy
200 Заглавие и сведения об ответственности 0_
a Заглавие Документирование управленческой деятельности
e Сведения, относящиеся к заглавию рабочая тетрадь для практических занятий, [учеб. пособие]
f Первые сведения об ответственности авт.-сост. Е.Г.Воробьева
205 Сведения об издании __
b Дополнительные сведения об издании Рек. ученым советом Саранского кооперативного института РУК в качестве учебноего пособия
210 Выходные данные __
a Место издания Сараснк
c Издательство Типография "Рузаевский печатник"
d Дата издания 2012
215 Физическое описание __
a Объем 68с.
e Сопроводительные материалы подарочная
606 Тематические рубрики __
a Основная рубрика Управление экономикой
x Основная подрубрика Организация управления
610 Ключевые слова __
a Ключевые слова Автоматизация делопроизводства
a Ключевые слова Делопроизводство
a Ключевые слова Делопроизводство по письменным обращениям граждан
a Ключевые слова Делопроизводство по устным обращениям граждан
a Ключевые слова Документирование коммерческой деятельности предприятия
a Ключевые слова Документирование трудовых правоотношений
a Ключевые слова Документы
a Ключевые слова Законы, госты, классификаторы на документы
a Ключевые слова Организационно-распорядительная документация
a Ключевые слова Организация документооборота
a Ключевые слова Правила оформления документов
675 Индекс УДК __
a Индекс УДК 651(075.8)
686 Индексы других классификаций __
a Классификационный индекс 65.050.2
852 Данные о местонахождении __
c Местонахождение стеллажа 65.050.2
j Шифр хранения 65.050.2
852 Данные о местонахождении __
b Сигла хранения ЧЗ_1
t Номер экземпляра 3
i Авторский знак Д63
901 Тип документа __
t Тип документа m
911 __
u 952a=учебное пособие
u 952p=2315
938 Служебная информация __
a Название организации Саранский филиал
b Имя БД OUTPUT.MRC_Саранск
c Название АИБС АИБС Библиотека